| 000 | 00483nam a22001577a 4500 | ||
|---|---|---|---|
| 008 | 161115b xxu||||| |||| 00| 0 eng d | ||
| 050 | _aHN690.6.A8S37 1975 | ||
| 100 |
_aSattar,Abdus _927446 |
||
| 245 |
_aTribal culture in Bangladesh _c/Abdus Sattar |
||
| 260 |
_aDacca _bMuktadhara _c1975 |
||
| 300 |
_a256p.; _c21cm. |
||
| 650 |
_aTribes _zBangladesh _927447 |
||
| 650 |
_aDahits _zBangladesh _927448 |
||
| 650 |
_aBangladesh _xSocial life & customs _927449 |
||
| 942 |
_2lcc _cMONOGRAPH |
||
| 999 |
_c125726 _d125726 |
||